[Event "London Invitation"]
[Site "London"]
[Date "1973.09.08"]
[Round "2"]
[White "Bohm, Hans"]
[Black "Kinlay, Jonathan"]
[Result "1/2-1/2"]
[WhiteElo "2280"]
[BlackElo "2170"]
[PlyCount "143"]
[EventDate "1973.09.07"]
[EventType "swiss"]
[EventRounds "5"]
[EventCountry "ENG"]
[Source "John Saunders"]
[SourceDate "2015.07.14"]

1. e4 c5 2. Nf3 Nc6 3. Bb5 g6 4. O-O Bg7 5. Re1 Nf6 6. Nc3 O-O 7. d3 Nd4 8. Bc4
d6 9. h3 Bd7 10. a4 a6 11. Nxd4 cxd4 12. Nd5 Nxd5 13. Bxd5 Qc7 14. Bg5 e6 15.
Bb3 Rfc8 16. Qf3 b5 17. axb5 Bxb5 18. Bf6 a5 19. e5 a4 20. Bxg7 Kxg7 21. Qf6+
Kg8 22. exd6 Qd8 23. Qxd8 Rxd8 24. Bc4 Bc6 25. f4 Rxd6 26. b4 Rdd8 27. Reb1
Ra7 28. b5 Bb7 29. Ra3 Kg7 30. Kf2 Kf6 31. Rba1 Kf5 32. g3 Rda8 33. Re1 h5 34.
Re5+ Kf6 35. Rc5 Rc8 36. Re5 Rca8 37. Ke1 Bg2 38. h4 Bb7 39. Kd2 Rc8 40. b6
Raa8 41. Rb5 Rc6 42. Rb4 Kf5 43. Ba2 Kg4 44. Rxd4 Rxb6 45. f5+ Kxg3 46. fxe6
fxe6 47. Ke3 Rb2 48. Kd2 Rc8 49. Bc4 e5 50. Rd6 Rc6 51. Rd7 Rf6 52. Kc3 Rbb6
53. Re7 Kxh4 54. Rxa4 Kg5 55. Rxe5+ Rf5 56. Re7 h4 57. Rh7 Bg2 58. Bb3 h3 59.
Rah4 Rf4 60. R4h6 Rd6 61. Bc4 Rdd4 62. Bf7 Rxf7 63. Kxd4 Rxh7 64. Rxh7 Kf4 65.
c4 g5 66. c5 g4 67. Rh8 Kg3 68. Ke5 h2 69. d4 h1=Q $2 (69... Bh3 $19) 70. Rxh1
Bxh1 71. d5 Kf2 72. c6 1/2-1/2

[Event "London Invitation"]
[Site "London"]
[Date "1973.09.08"]
[Round "2"]
[White "Littlewood, Paul E"]
[Black "Waters, Peter John"]
[Result "0-1"]
[WhiteElo "2240"]
[BlackElo "2265"]
[PlyCount "76"]
[EventDate "1973.09.07"]
[EventType "swiss"]
[EventRounds "5"]
[EventCountry "ENG"]
[Source "John Saunders"]
[SourceDate "2015.07.14"]

1. e4 Nc6 2. Nf3 e5 3. Bb5 a6 4. Bxc6 dxc6 5. O-O f6 6. d4 Bg4 7. c3 Bd6 8. h3
Bh5 9. Be3 Qe7 10. Nbd2 O-O-O 11. Qc2 Bf7 12. b4 g5 13. a4 g4 (13... h5) 14.
hxg4 h5 15. g5 exd4 16. Nxd4 fxg5 17. b5 cxb5 18. axb5 axb5 19. e5 (19. Nxb5 $1
$18) 19... Qxe5 20. N2f3 Qd5 21. Rfd1 $2 (21. Bxg5 $18) 21... Ne7 22. Nc6 $2 (
22. Nxg5 $18) 22... bxc6 23. Rxd5 Bxd5 24. Bxg5 Kb7 25. Nh4 Ra8 26. Re1 Ra2 27.
Qc1 Nc8 28. Qe3 Ra4 29. Nf5 Re4 30. Nxd6+ $2 Nxd6 31. Qc1 Rxe1+ 32. Qxe1 Rg8
33. f4 Ra8 34. Be7 Nf5 35. Bc5 $2 Ra2 36. Bf2 Nh6 37. Qe7 Ng4 38. Bc5 Ra1+ 0-1

[Event "London Invitation"]
[Site "London"]
[Date "1973.09.08"]
[Round "2"]
[White "Goodman, David SC"]
[Black "Povah, Nigel E"]
[Result "1-0"]
[WhiteElo "2120"]
[BlackElo "2255"]
[PlyCount "51"]
[EventDate "1973.09.07"]
[EventType "swiss"]
[EventRounds "5"]
[EventCountry "ENG"]
[Source "John Saunders"]
[SourceDate "2015.07.14"]

1. d4 Nf6 2. c4 c5 3. d5 e6 4. Nc3 exd5 5. cxd5 d6 6. Nf3 g6 7. Nd2 Bg7 8. e4
O-O 9. Be2 Re8 10. O-O Bd7 11. a4 Na6 12. f3 Nb4 13. Nc4 Qc7 14. Bf4 Bf8 15. g4
b6 16. Qd2 a6 17. Bg3 Rab8 18. Qf4 Kg7 19. Nxd6 Bxd6 20. Qxd6 Qxd6 21. Bxd6 Ra8
22. a5 Nc2 23. Rac1 Nd4 24. axb6 Nxd5 25. exd5 Rxe2 26. b7 1-0

[Event "London Invitation"]
[Site "London"]
[Date "1973.09.08"]
[Round "2"]
[White "Benjamin, Jonathan C"]
[Black "Speelman, Jonathan S"]
[Result "1/2-1/2"]
[WhiteElo "1970"]
[BlackElo "2255"]
[PlyCount "47"]
[EventDate "1973.09.07"]
[EventType "swiss"]
[EventRounds "5"]
[EventCountry "ENG"]
[Source "John Saunders"]
[SourceDate "2015.07.14"]

1. d4 Nf6 2. c4 g6 3. Nc3 Bg7 4. e4 d6 5. Nf3 O-O 6. Be2 Nbd7 7. O-O e5 8. Re1
exd4 9. Nxd4 Nc5 10. Bf1 Re8 11. f3 a5 12. Be3 c6 13. Nc2 a4 14. Qd2 Nfd7 15.
Bd4 Bxd4+ 16. Qxd4 Qb6 17. Rab1 Ne6 18. Qxb6 Nxb6 19. Rbd1 Rd8 20. Rd2 Kf8 21.
Red1 Ke7 22. Ne3 Ra5 23. g3 Nc7 24. Be2 1/2-1/2

[Event "London Invitation"]
[Site "London"]
[Date "1973.09.08"]
[Round "3"]
[White "Basman, Michael J"]
[Black "Nunn, John DM"]
[Result "0-1"]
[WhiteElo "2370"]
[BlackElo "2350"]
[PlyCount "58"]
[EventDate "1973.09.07"]
[EventType "swiss"]
[EventRounds "5"]
[EventCountry "ENG"]
[Source "John Saunders"]
[SourceDate "2015.07.14"]

1. e4 g6 2. d4 Bg7 3. Nf3 d6 4. Bc4 Nf6 (4... c5 5. O-O cxd4 6. c3 Nf6 7. e5
dxe5 8. Nxe5 O-O 9. cxd4 Nc6 $15 {Basman-Nunn, [date unknown]}) 5. Nc3 (5. Qe2
c6 6. O-O Nxe4 $2 (6... d5 $11) 7. Bxf7+ Kxf7 8. Qxe4 Rf8 9. Qh4 Kg8 10. Bg5
$14 {Basman-Nunn, [date unknown]}) 5... O-O 6. O-O Nxe4 7. Bxf7+ Rxf7 8. Nxe4
h6 9. Be3 Bg4 10. Ned2 Nc6 11. c3 g5 12. Qb3 Na5 13. Qa4 b6 14. b4 Bd7 15. Qd1
Nc6 16. Rc1 g4 17. Ne1 e5 18. d5 Ne7 19. Ne4 Nf5 20. Ng3 Nxe3 21. fxe3 Rxf1+
22. Nxf1 Qg5 23. Qe2 Rf8 24. c4 h5 25. c5 bxc5 26. bxc5 Bh6 27. cxd6 cxd6 28.
Rc7 Qf6 29. Ng3 Bb5 0-1

[Event "London Invitation"]
[Site "London"]
[Date "1973.09.08"]
[Round "3"]
[White "Mestel, A Jonathan"]
[Black "Larsen, Bent"]
[Result "0-1"]
[WhiteElo "2370"]
[BlackElo "2620"]
[PlyCount "90"]
[EventDate "1973.09.07"]
[EventType "swiss"]
[EventRounds "5"]
[EventCountry "ENG"]
[Source "John Saunders"]
[SourceDate "2015.07.14"]

1. e4 e5 2. Nf3 Nc6 3. Bb5 Nge7 4. d4 exd4 5. Nxd4 Nxd4 6. Qxd4 Nc6 7. Qd3 Bc5
8. Bxc6 dxc6 9. Qxd8+ Kxd8 10. Nc3 Re8 11. Bg5+ f6 12. O-O-O+ Bd7 13. Bh4 b5
14. Rhe1 Kc8 15. f3 Be6 16. Rd2 a5 17. Bf2 Bd6 18. Bg3 Bb4 19. a3 Bc5 20. Bf2
Bf8 21. Ne2 b4 22. a4 c5 23. Nf4 Bd7 24. b3 c4 25. Red1 Bc6 26. Ne6 Rxe6 27.
Rd8+ Kb7 28. Rxa8 Kxa8 29. Rd8+ Kb7 30. Rxf8 Re7 31. Bc5 Rd7 32. Rh8 cxb3 33.
cxb3 Rd3 34. Bf8 Rxb3 35. Bxg7 Bxa4 36. Bxf6 Rd3 37. Rd8 Rxd8 38. Bxd8 Kb6 39.
g4 Bb5 40. f4 a4 41. e5 a3 42. e6 b3 43. e7 b2+ 44. Kc2 Bd3+ 45. Kd2 Bg6 0-1

[Event "London Invitation"]
[Site "London"]
[Date "1973.09.08"]
[Round "3"]
[White "Miles, Anthony J"]
[Black "Markland, Peter Richard"]
[Result "1-0"]
[WhiteElo "2440"]
[BlackElo "2375"]
[PlyCount "97"]
[EventDate "1973.09.07"]
[EventType "swiss"]
[EventRounds "5"]
[EventCountry "ENG"]
[Source "John Saunders"]
[SourceDate "2015.07.14"]

1. g3 c5 2. Bg2 g6 3. Nf3 Bg7 4. c3 Nc6 5. d4 cxd4 6. cxd4 d5 7. O-O Nf6 8. Ne5
Ne4 9. Nd2 Nxe5 10. dxe5 Nxd2 11. Bxd2 Bxe5 12. Bh6 e6 13. e4 dxe4 14. Qa4+ Qd7
15. Qxe4 Qd4 16. Qf3 Bg7 17. Rfd1 Qf6 18. Bxg7 Qxg7 19. Qa3 Qf6 20. Qc5 Qe7 21.
Bc6+ bxc6 22. Qxc6+ Kf8 23. Qxa8 Kg7 24. Qe4 Rf8 25. Qe5+ Kg8 26. Rac1 Qb4 27.
Qd4 Qa5 28. a3 Bb7 29. Qc5 Qa6 30. Qe7 Bd5 31. Rd2 Rc8 32. Rc7 Rxc7 33. Qxc7 h5
34. Qb8+ Kg7 35. Qe5+ Kh7 36. Qf6 Qb7 37. b4 a5 38. b5 Qxb5 39. Qxf7+ Kh6 40.
Qf4+ g5 41. Qf6+ Kh7 42. Qb2 Qd7 43. Qc2+ Kh6 44. Qc3 Qa4 45. Qf6+ Kh7 46. Qf7+
Kh6 47. Qf6+ Kh7 48. Qxg5 Qe4 49. Qxh5+ 1-0

[Event "London Invitation"]
[Site "London"]
[Date "1973.09.08"]
[Round "3"]
[White "Klein, Ernst Ludwig"]
[Black "Keene, Raymond"]
[Result "0-1"]
[WhiteElo "2335"]
[BlackElo "2465"]
[PlyCount "104"]
[EventDate "1973.09.07"]
[EventType "swiss"]
[EventRounds "5"]
[EventCountry "ENG"]
[Source "John Saunders"]
[SourceDate "2015.07.14"]

1. e4 g6 2. d4 d6 3. Nc3 Nf6 4. Nf3 Bg7 5. Be2 O-O 6. h3 Na6 7. Be3 c5 8. O-O
b6 9. Qd2 Bb7 10. Bh6 cxd4 (10... Bxh6 11. Qxh6 cxd4 12. Nxd4 Nc5 13. f3 e5 {
Keene}) 11. Bxg7 Kxg7 12. Qxd4 e5 13. Qe3 Nc5 14. Nd2 Ne6 15. Rfd1 Nd4 16. Rac1
Rc8 17. Nb3 Rxc3 18. bxc3 Nxe2+ 19. Qxe2 Nxe4 20. Rd3 (20. Qd3) 20... Qc7 21.
Re1 Nxc3 22. Qd2 Ne4 23. Qd1 Rc8 24. f3 Nc3 25. Qd2 d5 26. Nc1 d4 27. Qf2 Nd5
28. Rd2 Ne3 29. Nd3 Re8 30. Qg3 Re6 31. Rb1 a5 32. Qe1 Ba6 33. Rc1 Rc6 34. Qf2
Rc3 35. Nb2 Ra3 36. f4 f6 (36... Rxa2 37. fxe5 Rxb2 38. Qf6+ {and Rxd4}) 37.
fxe5 fxe5 38. c4 Rxa2 39. Qh4 Nf5 40. Qe4 Bb7 41. Qb1 Ra3 42. c5 bxc5 43. Nc4
Rg3 44. Qb5 Nh4 45. Nxe5 Bxg2 46. Rxc5 Bd5+ 47. Kf1 Qxe5 48. Qd7+ Kh6 49. Qxd5
Qe3 50. Rf2 Qd3+ 51. Re2 Rf3+ 52. Kg1 Qd1+ 0-1

[Event "London Invitation"]
[Site "London"]
[Date "1973.09.08"]
[Round "3"]
[White "Piasetski, Leon David"]
[Black "Littlewood, John Eric"]
[Result "1-0"]
[WhiteElo "2320"]
[BlackElo "2370"]
[PlyCount "63"]
[EventDate "1973.09.07"]
[EventType "swiss"]
[EventRounds "5"]
[EventCountry "ENG"]
[Source "John Saunders"]
[SourceDate "2015.07.14"]

1. e4 e5 2. Nf3 d6 3. Bc4 Be7 4. d3 Nf6 5. O-O c6 6. Nbd2 O-O 7. Re1 Nbd7 8. c3
Qc7 9. a3 h6 10. Ba2 d5 11. d4 dxe4 12. Nxe4 Nxe4 13. Rxe4 Bd6 14. dxe5 Nxe5
15. Nxe5 Bxe5 16. Qh5 Bf6 17. Bf4 Qd7 18. Rae1 b6 19. h3 a5 20. Bxh6 Ra7 21.
Bg5 Bxg5 22. Qxg5 Qf5 23. Qe3 c5 24. Re8 Qd7 25. Re5 Qd6 26. Rh5 Rc7 27. Qe4 g6
28. Rh6 Rc6 29. Bd5 Bf5 30. Qh4 Rcc8 31. c4 b5 32. Re7 1-0

[Event "London Invitation"]
[Site "London"]
[Date "1973.09.08"]
[Round "3"]
[White "Strauss, David J"]
[Black "Webb, Simon"]
[Result "1-0"]
[WhiteElo "2400"]
[BlackElo "2370"]
[Annotator "Saunders,John"]
[PlyCount "103"]
[EventDate "1973.09.07"]
[EventType "swiss"]
[EventRounds "5"]
[EventCountry "ENG"]
[Source "John Saunders"]
[SourceDate "2015.07.14"]

1. e4 e6 2. d4 d5 3. Nc3 Bb4 4. Nge2 dxe4 5. a3 Be7 6. Nxe4 Nf6 7. N2g3 O-O 8.
Bc4 b6 9. Nxf6+ Bxf6 10. Qf3 c6 11. Be3 Bb7 12. Nh5 Nd7 13. O-O-O Bg5 14. h4
Bxe3+ 15. fxe3 Qe7 16. Qg3 g6 17. Nf4 Nf6 18. h5 Ne4 19. Qf3 c5 20. hxg6 fxg6
21. Qh3 Rxf4 22. exf4 Nf2 23. Qxe6+ Qxe6 24. Bxe6+ Kg7 25. d5 Rd8 26. Rhe1 Nxd1
27. Rxd1 b5 28. b4 c4 29. Kb2 Kf6 30. Kc3 Ke7 31. Kd4 Kd6 32. g4 h5 33. gxh5
gxh5 34. Rh1 Rh8 35. f5 h4 36. f6 h3 37. Rxh3 Rxh3 38. Bxh3 Bxd5 39. Bc8 Bf7
40. Ba6 Ke6 41. Bxb5 Kxf6 42. Bxc4 Be8 43. Kc5 Ke7 44. Bb5 Bg6 45. c4 Be4 {
Moves 45-48 are missing from the bulletin - let's assume they are something
like...} 46. Bc6 Bd3 47. a4 Kd8 48. Bd5 Kc7 {... and now the bulletin resumes..
.} 49. b5 Bf5 50. a5 Kb8 51. Kd6 Bd3 52. b6 1-0

[Event "London Invitation"]
[Site "London"]
[Date "1973.09.08"]
[Round "3"]
[White "Clarke, Peter H"]
[Black "Horner, Jeff"]
[Result "1-0"]
[WhiteElo "2305"]
[BlackElo "2400"]
[PlyCount "137"]
[EventDate "1973.09.07"]
[EventType "swiss"]
[EventRounds "5"]
[EventCountry "ENG"]
[Source "John Saunders"]
[SourceDate "2015.07.14"]

1. d4 d5 2. Nf3 Nc6 3. e3 Bg4 4. Be2 Nf6 5. b3 e6 6. Bb2 Bd6 7. Nbd2 Ne7 8. O-O
c6 9. c4 Ng6 10. a3 Bc7 11. Re1 Ne4 12. Qc2 O-O 13. h3 Nxd2 14. Qxd2 Bxf3 15.
Bxf3 f5 16. Qe2 Qg5 17. Rac1 Rae8 18. Bh5 Qf6 19. f4 Rd8 20. g3 Nh8 21. Kf2 g6
22. Bf3 Nf7 23. a4 Kh8 24. Ba3 Rg8 25. h4 Rd7 26. Rh1 Nh6 27. b4 Nf7 28. b5
cxb5 29. axb5 dxc4 30. Rxc4 Nd6 31. Bxd6 Bxd6 32. Qc2 h6 33. Rc8 Qf7 34. Rxg8+
Qxg8 35. Rc1 Rc7 36. Qb2 Qc8 37. Rxc7 Qxc7 38. Qa2 Bb4 39. Qxe6 Qc2+ 40. Be2
Qd2 41. Qc8+ Kg7 42. Qxb7+ Kf6 43. Qa6+ Ke7 44. Qxa7+ Kd8 45. Qa8+ Kc7 46. Qc6+
Kb8 47. Qh1 Qb2 48. h5 gxh5 49. Qxh5 Qd2 50. Qe8+ Kc7 51. Qf7+ Kb8 52. Qg8+ Ka7
53. Qf7+ Kb8 54. Qc4 Ba5 55. Qg8+ Kc7 56. Qf7+ Kb8 57. Qxf5 Qe1+ 58. Kf3 Qh1+
59. Kg4 Qh2 60. Qe5+ Kc8 61. Bc4 Be1 62. Be6+ Kb7 63. Qd5+ Kb6 64. Qc5+ Ka5 65.
b6+ Ka4 66. Qc4+ Ka5 67. Qc5+ Ka4 68. Qc4+ Ka5 69. Qa2+ 1-0

[Event "London Invitation"]
[Site "London"]
[Date "1973.09.08"]
[Round "3"]
[White "Knox, Victor W"]
[Black "Saverymuttu, Seth"]
[Result "0-1"]
[WhiteElo "2370"]
[BlackElo "2305"]
[PlyCount "66"]
[EventDate "1973.09.07"]
[EventType "swiss"]
[EventRounds "5"]
[EventCountry "ENG"]
[Source "John Saunders"]
[SourceDate "2015.07.14"]

1. e4 c5 2. Nf3 d6 3. d4 cxd4 4. Nxd4 Nf6 5. Nc3 a6 6. Bg5 e6 7. f4 b5 8. e5
dxe5 9. fxe5 Qc7 10. Qe2 Nfd7 11. O-O-O Bb7 12. Qh5 (12. Qg4 Qxe5 13. Bxb5 axb5
14. Rhe1 h5) 12... g6 13. Qh4 Nc6 14. Nxc6 Bxc6 15. Bd3 Bg7 16. Bf6 Bxf6 17.
exf6 O-O-O 18. Be4 Nc5 19. Bxc6 Qxc6 20. g3 h5 21. Qf4 Rhe8 22. Rhe1 e5 23.
Rxd8+ Rxd8 24. Qe3 b4 25. Qxe5 bxc3 26. Qxc3 Rd6 27. Kb1 Rxf6 28. b4 Na4 29.
Re8+ Kd7 30. Qe1 Re6 31. Rxe6 Qxe6 32. Qd2+ Qd6 33. Qf2 Qd1# 0-1

[Event "London Invitation"]
[Site "London"]
[Date "1973.09.08"]
[Round "3"]
[White "Waters, Peter John"]
[Black "Botterill, George Steven"]
[Result "0-1"]
[WhiteElo "2265"]
[BlackElo "2345"]
[PlyCount "94"]
[EventDate "1973.09.07"]
[EventType "swiss"]
[EventRounds "5"]
[EventCountry "ENG"]
[Source "John Saunders"]
[SourceDate "2015.07.14"]

1. e4 d6 2. d4 Nf6 3. Nc3 g6 4. g3 Bg7 5. Bg2 O-O 6. Nge2 Nc6 7. d5 Ne5 8. f4
Ned7 9. O-O c6 10. Be3 cxd5 11. exd5 Qa5 12. Nd4 Nb6 13. Qd3 Ng4 14. Nb3 Qb4
15. Bd4 Bf5 16. Be4 Bxd4+ 17. Nxd4 Bxe4 18. Qxe4 Nf6 19. Qd3 Nbxd5 20. Rae1
Rac8 21. Nxd5 Nxd5 22. f5 Qxb2 23. Rb1 Qc3 24. Rxb7 Qxd3 25. cxd3 Rc3 26. Rxa7
Ne3 27. Re1 Rxd3 28. Rxe7 Nd5 29. R7e4 Nf6 30. fxg6 Nxe4 31. gxh7+ Kxh7 32.
Rxe4 Rc8 33. Ne2 Rc2 34. Kf2 Rxa2 35. Re3 Rdd2 36. Kf3 d5 37. Nf4 d4 38. Re2
Ra3+ 39. Kf2 Rd1 40. Re1 Ra2+ 41. Re2 Raa1 42. Rb2 Rh1 43. Kg2 Rag1+ 44. Kf3
Rd1 45. Kg2 Rhg1+ 46. Kf2 Rdf1+ 47. Ke2 Rxf4 0-1

[Event "London Invitation"]
[Site "London"]
[Date "1973.09.08"]
[Round "3"]
[White "Goodman, David SC"]
[Black "Wright, Daniel"]
[Result "1/2-1/2"]
[WhiteElo "2120"]
[BlackElo "2320"]
[PlyCount "67"]
[EventDate "1973.09.07"]
[EventType "swiss"]
[EventRounds "5"]
[EventCountry "ENG"]
[Source "John Saunders"]
[SourceDate "2015.07.14"]

1. d4 Nf6 2. c4 e6 3. Nf3 d5 4. cxd5 exd5 5. Nc3 c6 6. Qc2 Nbd7 7. Bg5 Be7 8.
e3 Nf8 9. Bd3 Ne6 10. Bh4 g6 11. O-O O-O 12. Rab1 a5 13. a3 Ng7 14. b4 axb4 15.
axb4 Bf5 16. Bxf5 Nxf5 17. Bxf6 Bxf6 18. b5 Nd6 19. Nd2 Ra7 20. bxc6 bxc6 21.
Na4 Qa5 22. Nc5 Rc8 23. Ndb3 Qb5 24. Nd7 Bd8 25. Nbc5 Qc4 26. Qxc4 Nxc4 27. Ra1
Rxa1 28. Rxa1 Be7 29. g3 Bxc5 30. Nxc5 Rb8 31. Ra6 Rb1+ 32. Kg2 Rb2 33. Kf3
Nd2+ 34. Kg2 1/2-1/2

[Event "London Invitation"]
[Site "London"]
[Date "1973.09.08"]
[Round "3"]
[White "Kinlay, Jonathan"]
[Black "Perkins, Alan H"]
[Result "1-0"]
[WhiteElo "2170"]
[BlackElo "2305"]
[PlyCount "61"]
[EventDate "1973.09.07"]
[EventType "swiss"]
[EventRounds "5"]
[EventCountry "ENG"]
[Source "John Saunders"]
[SourceDate "2015.07.14"]

1. e4 c5 2. Nf3 e6 3. d4 cxd4 4. Nxd4 Nf6 5. Nc3 d6 6. Bc4 Be7 7. Bb3 O-O 8.
Be3 Na6 9. f4 Nc5 10. Qf3 e5 11. fxe5 dxe5 12. Nf5 Bxf5 13. Qxf5 Nxb3 14. axb3
Bb4 15. O-O Bxc3 16. bxc3 Qc7 17. Bg5 Nh5 18. Rad1 f6 19. Bc1 Qb6+ 20. Kh1 g6
21. Qd7 Rad8 22. Qe7 Rfe8 23. Rxd8 Qxd8 24. Qxb7 Re7 25. Qd5+ Qxd5 26. exd5 Nf4
27. c4 Ne2 28. Ba3 Rf7 29. c5 Nd4 30. c6 e4 31. Bc5 1-0

[Event "London Invitation"]
[Site "London"]
[Date "1973.09.08"]
[Round "3"]
[White "Chapman, Terence"]
[Black "Bohm, Hans"]
[Result "1-0"]
[WhiteElo "2225"]
[BlackElo "2280"]
[PlyCount "80"]
[EventDate "1973.09.07"]
[EventType "swiss"]
[EventRounds "5"]
[EventCountry "ENG"]
[Source "John Saunders"]
[SourceDate "2015.07.14"]

1. e4 Nf6 2. e5 Nd5 3. c4 Nb6 4. d4 d6 5. exd6 cxd6 6. Nc3 g6 7. Nf3 Bg7 8. Be2
Bg4 9. b3 O-O 10. O-O Nc6 11. Be3 d5 12. cxd5 Nxd5 13. Nxd5 Qxd5 14. Rc1 Rfd8
15. h3 Bxf3 16. Bxf3 Qa5 17. Bxc6 bxc6 18. Qe2 Qb5 19. Rfe1 Rd6 20. Qf3 Rad8
21. Bf4 Rxd4 22. Rxe7 Bf6 23. Rxa7 Rd3 24. Qxc6 Qf5 25. Be3 Rd1+ 26. Rxd1 Rxd1+
27. Kh2 Be5+ 28. g3 Kg7 29. Ra8 Qb1 30. Qf3 h5 31. Ra7 Bf6 32. Bg5 Qb2 33.
Bxf6+ Qxf6 34. Qxf6+ Kxf6 35. Kg2 Rb1 36. Rb7 g5 37. a4 Kf5 38. Rb5+ Kg6 39. a5
Ra1 40. b4 Kh6 1-0

[Event "London Invitation"]
[Site "London"]
[Date "1973.09.08"]
[Round "3"]
[White "Speelman, Jonathan S"]
[Black "Lambert, Glenn EJ"]
[Result "1/2-1/2"]
[WhiteElo "2255"]
[BlackElo "2120"]
[PlyCount "42"]
[EventDate "1973.09.07"]
[EventType "swiss"]
[EventRounds "5"]
[EventCountry "ENG"]
[Source "John Saunders"]
[SourceDate "2015.07.14"]

1. e4 d6 2. d4 Nf6 3. Nc3 g6 4. Be3 c6 5. Qd2 b5 6. f3 Nbd7 7. Rd1 Qa5 8. a3
Bg7 9. Nge2 O-O 10. Kf2 Qc7 11. Bh6 a5 12. Bxg7 Kxg7 13. b3 Nb6 14. g3 a4 15.
Nb1 axb3 16. cxb3 Be6 17. Nc1 d5 18. e5 Nfd7 19. Kg2 f6 20. exf6+ Nxf6 21. Bd3
Bf7 1/2-1/2

[Event "London Invitation"]
[Site "London"]
[Date "1973.09.08"]
[Round "3"]
[White "Povah, Nigel E"]
[Black "Benjamin, Jonathan C"]
[Result "1/2-1/2"]
[WhiteElo "2255"]
[BlackElo "1970"]
[PlyCount "80"]
[EventDate "1973.09.07"]
[EventType "swiss"]
[EventRounds "5"]
[EventCountry "ENG"]
[Source "John Saunders"]
[SourceDate "2015.07.14"]

1. e4 c5 2. Nf3 d6 3. d4 cxd4 4. Nxd4 Nf6 5. Nc3 g6 6. f3 Bg7 7. Be3 O-O 8. Bc4
Nc6 9. Qd2 Bd7 10. O-O-O Qa5 11. Bb3 Rfc8 12. Kb1 Ne5 13. Bg5 Rc5 14. Bxf6 Bxf6
15. Nd5 Qxd2 16. Nxf6+ Kg7 17. Nh5+ Kh6 18. Rxd2 Kxh5 19. h4 Rac8 20. g4+ Kh6
21. g5+ Kg7 22. h5 Nc6 23. f4 Nxd4 24. Rxd4 Bg4 25. h6+ Kf8 26. c3 Be6 27. Bc2
Rc4 28. Rd2 R4c5 29. Rf2 Kg8 30. f5 Bd7 31. Rhf1 Bb5 32. Rg1 Rf8 33. Rg3 Bc6
34. Rgf3 gxf5 35. Rxf5 Re5 36. Rxe5 dxe5 37. Kc1 f6 38. Bb3+ Kh8 39. Bc2 Kg8
40. a4 Be8 1/2-1/2

[Event "London Invitation"]
[Site "London"]
[Date "1973.09.08"]
[Round "3"]
[White "Johnston, Dafydd R"]
[Black "Littlewood, Paul E"]
[Result "0-1"]
[WhiteElo "2160"]
[BlackElo "2240"]
[PlyCount "58"]
[EventDate "1973.09.07"]
[EventType "swiss"]
[EventRounds "5"]
[EventCountry "ENG"]
[Source "John Saunders"]
[SourceDate "2015.07.14"]

1. Nf3 Nf6 2. g3 g6 3. Bg2 Bg7 4. O-O c5 5. d3 O-O 6. e4 Nc6 7. Nbd2 d5 8. Re1
d4 9. a4 e5 10. Nc4 Qc7 11. c3 dxc3 12. bxc3 Rd8 13. Qc2 b6 14. Bg5 Ba6 15.
Nfd2 h6 16. Be3 Ng4 17. Bf1 Qd7 18. Be2 Nxe3 19. fxe3 Rf8 20. Rf1 Bc8 21. Qb3
Rb8 22. Qb5 a6 23. Qb2 b5 24. axb5 axb5 25. Na5 h5 26. Nf3 Qc7 27. Nxc6 Qxc6
28. Ra7 c4 29. Ng5 Qb6 0-1

[Event "London Invitation"]
[Site "London"]
[Date "1973.09.09"]
[Round "4"]
[White "Larsen, Bent"]
[Black "Nunn, John DM"]
[Result "1/2-1/2"]
[WhiteElo "2620"]
[BlackElo "2350"]
[PlyCount "80"]
[EventDate "1973.09.07"]
[EventType "swiss"]
[EventRounds "5"]
[EventCountry "ENG"]
[Source "John Saunders"]
[SourceDate "2015.07.14"]

1. d4 Nf6 2. c4 c5 3. d5 e6 4. Nc3 exd5 5. cxd5 d6 6. e4 g6 7. Be2 Bg7 8. Nf3
O-O 9. O-O a6 10. a4 Bg4 11. Nd2 Bxe2 12. Qxe2 Nbd7 13. Nc4 Nb6 14. Ne3 Qc7 15.
a5 Nbd7 16. Nc4 b5 17. axb6 Nxb6 18. Bf4 Nxc4 19. Qxc4 Qb6 20. Ra2 Rfe8 21. Rb1
Ng4 22. h3 Ne5 23. Qf1 c4 24. Bxe5 Bxe5 25. Ra4 Rac8 26. Rxc4 Rxc4 27. Qxc4
Bxc3 28. Qxc3 Rxe4 29. Rc1 Re2 $2 30. Qf6 Qb8 31. Rc6 a5 32. f4 $2 (32. g3 $16)
32... Qe8 33. Qxd6 h6 34. f5 Rxg2+ 35. Kxg2 Qe2+ 36. Kg1 Qe1+ 37. Kg2 Qe2+ 38.
Kg3 Qe3+ 39. Kg4 Qe2+ 40. Kg3 Qe3+ 1/2-1/2

[Event "London Invitation"]
[Site "London"]
[Date "1973.09.09"]
[Round "4"]
[White "Keene, Raymond"]
[Black "Miles, Anthony J"]
[Result "1-0"]
[WhiteElo "2465"]
[BlackElo "2440"]
[PlyCount "59"]
[EventDate "1973.09.07"]
[EventType "swiss"]
[EventRounds "5"]
[EventCountry "ENG"]
[Source "John Saunders"]
[SourceDate "2015.07.14"]

1. Nf3 g6 2. c4 Bg7 3. d4 Nf6 4. g3 O-O 5. Bg2 d5 6. cxd5 Nxd5 7. O-O Nc6 8.
Nc3 Bf5 9. Nd2 Nxc3 10. bxc3 e5 11. d5 Ne7 12. e4 Bd7 13. Qb3 b6 14. Nc4 b5 15.
Ne3 c5 16. dxc6 Bxc6 17. Ba3 Re8 18. Rfd1 Qb6 19. c4 bxc4 {(=)} 20. Nxc4 Qxb3
21. axb3 Nc8 22. Bc5 Bf8 $2 23. Bxf8 Kxf8 24. Ra5 Rb8 25. Nxe5 Bb5 26. Rd5 a6
27. Bf1 Bxf1 28. Nd7+ Kg7 29. Nxb8 Nb6 30. Rd6 1-0

[Event "London Invitation"]
[Site "London"]
[Date "1973.09.09"]
[Round "4"]
[White "Piasetski, Leon David"]
[Black "Strauss, David J"]
[Result "1/2-1/2"]
[WhiteElo "2320"]
[BlackElo "2400"]
[PlyCount "90"]
[EventDate "1973.09.07"]
[EventType "swiss"]
[EventRounds "5"]
[EventCountry "ENG"]
[Source "John Saunders"]
[SourceDate "2015.07.14"]

1. e4 c5 2. Nf3 Nc6 3. Bb5 d6 4. O-O Bg4 5. h3 Bxf3 6. Qxf3 e6 7. c3 a6 8. Ba4
g6 9. Bxc6+ bxc6 10. d4 cxd4 11. cxd4 Bg7 12. Rd1 Nf6 13. Bg5 h6 14. Bh4 g5 15.
Bg3 d5 16. Nc3 dxe4 17. Nxe4 Nxe4 18. Qxe4 Qd5 19. Qe3 O-O 20. b3 Rad8 21. Be5
f6 22. Bc7 Rd7 23. Bb6 f5 24. Re1 Re8 25. Rac1 e5 26. Qd3 Rb8 27. Rc5 Qxd4 28.
Qxd4 exd4 29. Rxc6 Rd5 30. Kf1 d3 31. Be3 Ra5 32. Rd1 f4 33. Bb6 Rxa2 34. Rxd3
Re8 35. Rc1 Kh7 36. Re1 Rb8 37. Bc7 Rb7 38. Rd7 Kg6 39. g4 fxg3 40. fxg3 Rxb3
41. Re6+ Kf5 42. Re1 Rf3+ 43. Kg1 Kg6 44. Re6+ Rf6 45. Rxg7+ Kxg7 1/2-1/2

[Event "London Invitation"]
[Site "London"]
[Date "1973.09.09"]
[Round "4"]
[White "Saverymuttu, Seth"]
[Black "Basman, Michael J"]
[Result "1/2-1/2"]
[WhiteElo "2305"]
[BlackElo "2370"]
[PlyCount "92"]
[EventDate "1973.09.07"]
[EventType "swiss"]
[EventRounds "5"]
[EventCountry "ENG"]
[Source "John Saunders"]
[SourceDate "2015.07.14"]

1. e4 c5 2. Nc3 e6 3. f4 d5 4. Bb5+ Bd7 5. Bxd7+ Qxd7 6. exd5 exd5 7. Nf3 Nc6
8. O-O O-O-O 9. Ne5 Qe6 10. Re1 Nxe5 11. fxe5 d4 12. Nb5 a6 13. Na3 Ne7 14. d3
Ng6 15. Re4 Rd5 16. Nc4 b5 17. Nd6+ Bxd6 18. exd6 Qxd6 19. a4 b4 20. Qf3 f6 21.
Bd2 Ne5 22. Qg3 g5 23. Rf1 h5 24. h3 Ng6 25. Qe1 Kd7 26. Re2 Ne7 27. Ref2 Rh6
28. c3 bxc3 29. bxc3 dxc3 30. Bxc3 f5 31. Rb2 Re6 32. Rb7+ Ke8 33. Qc1 f4 34.
d4 Re4 35. Re1 Qe6 36. dxc5 Rxc5 37. Rb8+ Kf7 38. Qb1 Rxe1+ 39. Bxe1 Qf5 40.
Qb3+ Qd5 41. Qb1 Qf5 42. Qb3+ Qd5 43. Qb1 Nf5 44. Bb4 Rc7 45. Rf8+ Ke6 46. Ba3
Rb7 1/2-1/2